Quelle-est cette confiserie ? - Statistiques

Statistiques générales
  • Ce quiz a été pris 149 fois
  • Le résultat moyen est 5 sur 15
Statistiques - réponses
Indice Confiserie % Correct
Sa forme évoque les bâtons des bergers de la crêche Sucre d'orge
62%
Un petit tétraèdre coloré et rayé Berlingot
56%
Fameuse spécialité montilienne Nougat
47%
Brune à Montargis, rose à Lyon Praline
44%
Alliance subtile de melon, d'amande et de fleur d'oranger Calisson d'Aix
40%
Celles de Bertie Crochue sont magiques Dragée
36%
Bonbon octogonal connu pour ses propriétés digestives Pastille de Vichy
33%
Le plus célèbre bonbon de la chanson français avait la particularité d'être "en poudre" Mistral-gagnant
31%
La fabrication de cette spécialité est très délicate, essentiellement manuelle, élaborée à partir de fleurs fraîches cueillies à maturité en mars. Violette de Toulouse
27%
Un célèbre exemple de sérendipité, comme son nom l'indique Bêtise de Cambrais
25%
Dans "Narnia", la Sorcière blanche en offre à Edmund Pevensie Loukoum
23%
Contrairement à ce que son nom peut sembler indiquer, il n'est pas froid et n'est pas confectionné avec une graine toxique... Marron glacé
15%
Louis XIV avait toujours dans sa poche une boîte de ces petits bonbons, parmi les plus anciens de France Anis de Flavigny
10%
Cette spécialité de l'est de la France est vendue dans de célèbres boites rectangulaires en fer blanc richement décorées Bergamotte de Nancy
8%
Autrefois confectionnée à partir du mucilage extrait de la racine d'Althaea officinalis Guimauve
4%
Aucun quiz correspondant
Distribution des résultats
% des personnes avec chaque résultat
Percentile par nombre de réponses
Votre historique - résultats
Vous n’avez pas pris ce quiz